| 000 | 00915nam a22001817a 4500 | ||
|---|---|---|---|
| 008 | 120417t xxu||||| |||| 00| 0 eng d | ||
| 020 | _a0262022834 | ||
| 050 | _aHB172.5.B57 | ||
| 100 | _aBlanchard, Jean Olivier | ||
| 245 |
_aLectures on macroeconomics/ _c Jean Olivier Blanchard and Stanley Fischer |
||
| 260 |
_aLondon: _bMIT Press, _c1989. |
||
| 300 |
_axi, 637 p.: _bill; _c24cm |
||
| 500 | _aIncludes Index. | ||
| 505 | _aCoontents: Introduction -- Consumption and investment: Basic infinite horizon -- The Overlapping generations model -- Money -- Multiple equilibria, bubbles and stability -- Optimal consumption, investment, and inventory -- Competitive equilibrium business cycles -- Norminal rigidities and economic fluctuations -- Goods, labor and credit markets -- Some useful models -- Monetary and fiscal policy issues. | ||
| 650 | _aMacroeconomics. | ||
| 700 | _aFischer Stanley | ||
| 942 |
_2lcc _cBK |
||
| 999 |
_c720 _d8220 |
||